Japanese Cities In The Top 1200 World Cities By Population - Statistics

General Stats
  • This quiz has been taken 122 times
  • The average score is 9 of 14
Answer Stats
Population City % Correct
37M+ Tokyo
100%
19M+ Osaka
99%
2M+ Hiroshima
95%
2.6M+ Sapporo
95%
9.5M+ Nagoya
93%
5.5M+ Fukuoka
82%
2.3M+ Sendai
71%
700K+ Okayama
56%
800K+ Niigata
49%
2.9M+ Shizuoka
46%
500K+ Kagoshima
45%
700K+ Kumamoto
44%
500K+ Matsuyama
31%
500K+ Utsunomiya
23%
No matching quizzes found
Score Distribution
Percent of People with Each Score
Percentile by Number Answered
Your Score History
You have not taken this quiz